| 000 | 01716nam0a2200445 i 4500 | ||
|---|---|---|---|
| 001 | RU\NLR\bibl\1900679 | ||
| 005 | 20240921104336.0 | ||
| 010 |
_a9785883533999 _91500 |
||
| 035 | _a(nilc)LIBNET\0000195922 | ||
| 035 | _aROSTOV\BIBL\z0000315405 | ||
| 035 | _a(NLR Aleph) 001890315 | ||
| 090 |
_a2910813 _c2910813 |
||
| 100 | _a20111102d2011 u y0rusy50 ca | ||
| 101 | 1 |
_arus _cita |
|
| 102 | _aRU | ||
| 105 | _aa ||||||||| | ||
| 106 | _ar | ||
| 200 | 1 |
_aСтили мирового искусства _fГлория Фосси, Диане Бодарт, Марко Буссальи [и др.] _gпод ред. Глории Фосси _g[пер. с итал.: А.В. Подпятников и др.] |
|
| 210 |
_aМосква _cБММ _d2011 |
||
| 215 |
_a1079, [1] с. _cил., цв. ил., портр. _d28 |
||
| 300 | _aНа обл. авт. не указаны | ||
| 309 | _aКн. вложена в футляр | ||
| 320 | _aУказ.: с. 1065-1080 | ||
| 606 | 1 |
_aСтиль _xв искусстве _91698898 _3RU\NLR\auth\661054196 |
|
| 610 | 0 | _aИзобразительное искусство | |
| 610 | 0 | _aСтили | |
| 610 | 0 | _aЖанры | |
| 610 | 0 | _aНаправления | |
| 686 |
_a85.100.022 _vLBC/RL _2rubbk |
||
| 686 | _aЩ03(0)-2 | ||
| 701 | 1 |
_aФосси _bГ. _gГлория _4070 |
|
| 701 | 1 |
_aБодарт _bД. _gДиане |
|
| 701 | 1 |
_aБуссальи _bМ. _gМарко |
|
| 801 | 0 |
_aRU _bДонская ГПБ _c20111102 _grcr |
|
| 801 | 1 |
_aRU _bДонская ГПБ _c20111102 _2rusmarc |
|
| 801 | 2 |
_aRU _bДонская ГПБ _c20120108 |
|
| 801 | 2 |
_aRU _bNLR _c20120405 _grcr |
|
| 942 | _cBOOK | ||
| 980 | _aNBR | ||